| 000 | 00534nam a2200169 a 4500 | ||
|---|---|---|---|
| 001 | 000043048 | ||
| 005 | 20201002040610.0 | ||
| 008 | 140218s2001 xxuc 001 0 spa d | ||
| 020 | _a1584790261 | ||
| 040 |
_aDO-SdBNP _bspa _cBNPHU |
||
| 100 | 1 |
_aPeterson, James _970572 |
|
| 245 | 1 | 0 |
_aSimply salmon. / _cJames Peterson. |
| 260 |
_aNew York, : _bStewart, Tabori & chang, _c2001. |
||
| 300 |
_a160 p : _bretrs. ; _c25 cm. |
||
| 500 | _aIncluye índice | ||
| 500 | _aIncluye datos biografícos del autor en la solapa de la contraportada. | ||
| 999 |
_c42537 _d42537 |
||